00673nam a2200205Ia 4500008004000000020001800040041000800058082002000066100002500086245002700111260004800138300001200186650001400198650001700212690001700229700002100246906001100267999001900278952017000297210210b2019 xxu||||| |||| 00| 0 eng d a9789331327253 aeng a574.192028 BIRP aBIRADAR (Vijaykumar) aPractical biochemistry aNew DelhibAPH Publishing Corporationc2019 axix,292 aPractical abiochemistry aBiochemistry aSAMSHE (Ashwini) a074131 c123843d123843 00102ddc40708BIOCaALbALd2021-02-17eSapna Book House Pvt Ltd, K S Rao Road, Mangaloreg995.00l0o574.192028 BIRPp074131r2021-02-17 00:00:00w2021-02-17yBK